|
|
|
|
| LEADER |
00000nab a2200000 ar4500 |
| 001 |
vtls009006771 |
| 003 |
SK-MaSNL |
| 005 |
20260426070731.0 |
| 008 |
070712c2007 xo mr|p|||||||000 b|slo |
| 015 |
|
|
|a SNBRB2007/07
|2 snkbucl
|
| 040 |
|
|
|a SNKBUCL
|b slo
|c SNKBUCL
|e AACR2
|
| 041 |
0 |
|
|a slo
|
| 044 |
|
|
|a xo
|c SK
|
| 080 |
|
|
|a 336.22
|x (437.6)
|2 2001
|
| 100 |
1 |
|
|a Palkovič, Karol
|4 aut
|9 749756
|
| 245 |
1 |
0 |
|a Daňový populizmus
|b zásahy do daňového systému sú momentálne rizikom
|c Karol Palkovič
|
| 300 |
|
|
|b Obr.
|
| 650 |
0 |
7 |
|a daňové systémy
|2 snkbucl
|9 2126
|
| 650 |
0 |
7 |
|a dane z príjmov
|x zákony
|x novelizácia
|2 snkbucl
|9 839461
|
| 651 |
|
7 |
|a Slovensko
|2 snkbucl
|9 14231
|
| 773 |
0 |
|
|t Extra plus
|g Roč. 7, júl (2007), s. [14]
|x 1336-0256
|
| 852 |
|
|
|a SNK
|b KIS3GCP
|
| 958 |
|
|
|a SK
|
| 999 |
|
|
|c 2670621
|d 2672551
|